Trhanie Španielska zabolelo všetkých

Katalánsky parlament v Barcelone prijal rezolúciu o vytvorení samostatnej katalánskej republiky. Španielsky senát ale na základe ústavneho článku 155 odvolal katalánsku vládu a zaviedol správu nad regiónom. Tichý odpor Kataláncov nevyhasol. Postoj vlády Európskej únie ohľadom autonómie Katalánska.

Salvato in:
Dettagli Bibliografici
Autore principale: Pressburg, Adrian Peter
Natura: Capitolo di libro
Lingua:slovacco
Soggetti:
Tags: Aggiungi Tag
Nessun Tag, puoi essere il primo ad aggiungerne!!

MARC

LEADER 00000naa a2200000 4500
001 0237052
005 20221104112813.7
041 0 |a slo 
044 |a SK 
245 1 0 |a Trhanie Španielska zabolelo všetkých  |c Adrian Peter Pressburg 
520 |a Katalánsky parlament v Barcelone prijal rezolúciu o vytvorení samostatnej katalánskej republiky. Španielsky senát ale na základe ústavneho článku 155 odvolal katalánsku vládu a zaviedol správu nad regiónom. Tichý odpor Kataláncov nevyhasol. Postoj vlády Európskej únie ohľadom autonómie Katalánska. 
610 2 0 |a autonómia 
610 2 0 |a Španielsko 
610 2 0 |a ústava 
610 2 0 |a demonštrácie 
610 2 0 |a nezávislosť 
100 1 |a Pressburg, Adrian Peter